00591nam a2200193 a 450000100060000000300090000600800410001504000280005608200180008411000260010224500430012826000470017130000160021865000250023465000260025965000240028565000290030965000590033813090CO-ViMGA141112s2004 ck r 000 u spa d aCO-ViMGAbspacCO-ViMGA04a005.329 M326a aMicrosoft Corporation10aMicrosoft Excel : bManual del usuario aBogotá : bGrey Matter Internacional1994 a848p. : il.14aHOJA DE CALCULO, BUA14aHOJA ELECTRONICA, BUA14aMICROSOFT EXCEL 5.014aPROGRAMA PARA COMPUTADOR14aVISUAL BASIC (LENGUAJE DE PROGRAMACION DE COMPUTADORES